|
|
|
|
| LEADER |
00656cam a2200193 a 4500 |
| 001 |
0000099176 |
| 005 |
20080902090000.0 |
| 040 |
|
|
|a mod
|
| 041 |
|
|
|a eng
|
| 020 |
0 |
0 |
|a 9789836297242
|
| 090 |
0 |
0 |
|a 346.5909595
|b PEN
|e 2007
|
| 245 |
0 |
0 |
|a Pentadbiran undang-undang Islam di Malaysia
|b jil. 12
|c oleh Mahamad Arifin ...[et al.]
|
| 260 |
0 |
0 |
|a Kuala Lumpur
|b Dewan Bahasa dan Pustaka
|c 2007
|
| 300 |
|
|
|a xlv, 277 p.
|c 24 cm
|
| 440 |
0 |
0 |
|a Siri perkembangan undang-undang di Malaysia
|
| 504 |
0 |
0 |
|a Include bibliographical references and index
|
| 650 |
0 |
0 |
|a Islamic law
|z Malaysia
|
| 700 |
1 |
1 |
|a Mahamad Ariffin
|
| 999 |
|
|
|a 0272159
|b PULPAK
|d BOOKS
|e Umum
|f PULPAK
|j AVAILABLE
|q GOOD CONDITION
|